000 00556nam a2200169Ia 4500
008 090201s9999 xx 000 0 und d
010 _aKPL-31320
040 _bमराठी
041 _aमराठी
082 _a32992
_b31320
100 _aकुमुदिनी रांगणेकर
245 _aउघडं गुपीत
_cकुमुदिनी रांगणेकर
260 _c2004
_bसदानंद प्रकाशन
300 _a203
_bमोठा
600 _aउघडं गुपीत
942 _cBOOK
999 _c231265
_d231265